ARRUPE JESUIT UNIVERSITY

CORONAVIRUS -STOP THE SPREAD - CLEAN,DISINFECT,COVER

Age of anger : (Record no. 130948)

MARC details
000 -LEADER
fixed length control field 03748cam a2200469 i 4500
001 - CONTROL NUMBER
control field 19454849
003 - CONTROL NUMBER IDENTIFIER
control field ARRUPE
005 - DATE AND TIME OF LATEST TRANSACTION
control field 20211026095300.0
008 - FIXED-LENGTH DATA ELEMENTS--GENERAL INFORMATION
fixed length control field 170117s2017 nyu b 001 0 eng
010 ## - LIBRARY OF CONGRESS CONTROL NUMBER
LC control number 2016050813
Canceled/invalid LC control number 2016961842
020 ## - INTERNATIONAL STANDARD BOOK NUMBER
International Standard Book Number 9780374274788 (hardback)
020 ## - INTERNATIONAL STANDARD BOOK NUMBER
Cancelled/invalid ISBN 9780374715823 (e-book)
040 ## - CATALOGING SOURCE
Original cataloging agency DLC
Language of cataloging eng
Transcribing agency DLC
Description conventions rda
Modifying agency DLC
042 ## - AUTHENTICATION CODE
Authentication code pcc
050 00 - LIBRARY OF CONGRESS CALL NUMBER
Classification number D217
Item number .M45 2017
082 00 - DEWEY DECIMAL CLASSIFICATION NUMBER
Classification number 909.8
Edition number 23
084 ## - OTHER CLASSIFICATION NUMBER
Classification number HIS037000
-- HIS037080
-- POL000000
Source of number bisacsh
300 ## - PHYSICAL DESCRIPTION
Dimensions 22 cm
100 1# - MAIN ENTRY--PERSONAL NAME
Personal name Mishra, Pankaj,
Relator term author.
9 (RLIN) 50606
245 10 - TITLE STATEMENT
Title Age of anger :
Remainder of title a history of the present /
Statement of responsibility, etc Pankaj Mishra.
250 ## - EDITION STATEMENT
Edition statement First American edition.
260 ## - PUBLICATION, DISTRIBUTION, ETC. (IMPRINT)
Place of publication, distribution, etc United Kingdom
Name of publisher, distributor, etc Allen Lane
Date of publication, distribution, etc 2017
300 ## - PHYSICAL DESCRIPTION
Extent ix, 406 pages ;
504 ## - BIBLIOGRAPHY, ETC. NOTE
Bibliography, etc Includes bibliographical references (pages 347-372) and index.
505 0# - FORMATTED CONTENTS NOTE
Formatted contents note Prologue: Forgotten Conjunctures -- Clearing a Space : History's Winners and their Illusions -- Loving Oneself Through Others : Progress and its Contradictions -- Losing My Religion : Islam, Secularism and Revolution -- Regaining My Religion : I. Nationalism Unbound; I I. Messianic Visions -- Finding True Freedom and Equality : The Heritage of Nihilism -- Epilogue: Finding Reality.
520 2# - SUMMARY, ETC.
Summary, etc "One of our most important public intellectuals reveals the hidden history of our current global crisis. How can we explain the origins of the great wave of paranoid hatreds that seem inescapable in our close-knit world--from American shooters and ISIS to Donald Trump, from a rise in vengeful nationalism across the world to racism and misogyny on social media? In Age of Anger, Pankaj Mishra answers our bewilderment by casting his gaze back to the eighteenth century before leading us to the present. He shows that as the world became modern, those who were unable to enjoy its promises--of freedom, stability and prosperity--were increasingly susceptible to demagogues. The many who came late to this new world--or were left, or pushed, behind--reacted in horrifyingly similar ways: intense hatred of invented enemies, attempts to re-create an imaginary golden age, and self-empowerment through spectacular violence. It was from among the ranks of the disaffected that the militants of the 19th century arose--angry young men who became cultural nationalists in Germany, messianic revolutionaries in Russia, bellicose chauvinists in Italy, and anarchist terrorists internationally. Today, just as then, the wide embrace of mass politics and technology and the pursuit of wealth and individualism have cast many more billions adrift in a literally demoralized world, uprooted from tradition but still far from modernity--with the same terrible results. Making startling connections and comparisons, Age of Anger is a book of immense urgency and profound argument. It is a history of our present predicament unlike any other"--
650 #0 - SUBJECT ADDED ENTRY--TOPICAL TERM
Topical term or geographic name as entry element World politics
Chronological subdivision To 1900.
9 (RLIN) 50607
650 #0 - SUBJECT ADDED ENTRY--TOPICAL TERM
Topical term or geographic name as entry element World politics
Chronological subdivision 1989-
9 (RLIN) 32
650 #0 - SUBJECT ADDED ENTRY--TOPICAL TERM
Topical term or geographic name as entry element Civilization, Modern.
650 #0 - SUBJECT ADDED ENTRY--TOPICAL TERM
Topical term or geographic name as entry element Civilization, Western.
9 (RLIN) 24069
650 #0 - SUBJECT ADDED ENTRY--TOPICAL TERM
Topical term or geographic name as entry element Anger
General subdivision Political aspects
-- History.
9 (RLIN) 50608
650 #0 - SUBJECT ADDED ENTRY--TOPICAL TERM
Topical term or geographic name as entry element Social change
General subdivision Political aspects
-- History.
9 (RLIN) 50609
650 #0 - SUBJECT ADDED ENTRY--TOPICAL TERM
Topical term or geographic name as entry element Youth
General subdivision Political activity
-- History.
9 (RLIN) 50610
650 #0 - SUBJECT ADDED ENTRY--TOPICAL TERM
Topical term or geographic name as entry element Nationalism
General subdivision History.
9 (RLIN) 50611
650 #0 - SUBJECT ADDED ENTRY--TOPICAL TERM
Topical term or geographic name as entry element Terrorism
General subdivision History.
9 (RLIN) 1447
650 #0 - SUBJECT ADDED ENTRY--TOPICAL TERM
Topical term or geographic name as entry element Religion and politics
General subdivision History.
9 (RLIN) 50612
650 #7 - SUBJECT ADDED ENTRY--TOPICAL TERM
Topical term or geographic name as entry element HISTORY / World.
Source of heading or term bisacsh
9 (RLIN) 50613
650 #7 - SUBJECT ADDED ENTRY--TOPICAL TERM
Topical term or geographic name as entry element HISTORY / Modern / 21st Century.
Source of heading or term bisacsh
9 (RLIN) 50614
650 #7 - SUBJECT ADDED ENTRY--TOPICAL TERM
Topical term or geographic name as entry element POLITICAL SCIENCE / General.
Source of heading or term bisacsh
9 (RLIN) 50615
906 ## - LOCAL DATA ELEMENT F, LDF (RLIN)
a 7
b cbc
c orignew
d 1
e ecip
f 20
g y-gencatlg
942 ## - ADDED ENTRY ELEMENTS (KOHA)
Source of classification or shelving scheme Library of Congress Classification
Koha item type Monograph ( Printed materials)
Holdings
Withdrawn status Lost status Source of classification or shelving scheme Damaged status Not for loan Collection code Home library Current library Shelving location Date acquired Total Checkouts Full call number Barcode Date last seen Price effective from Koha item type
    Library of Congress Classification     Main Collection ARRUPE LIBRARY ARRUPE LIBRARY Main Collection 26/10/2021   D217 .M45 2017 46600006910 26/10/2021 26/10/2021 Monograph ( Printed materials)

 

Arrupe Library. PO Box MP320 Mt Pleasant, Harare, Zimbabwe
263 242 745411|librarian@aju.ac.zw